000 00785nam a2200241 i 4500
001 347927
003 ARRUPE
005 20160414105649.0
008 800625s1979 sw a 001 0 eng d
020 _a9152000826
035 _a(OCoLC)ocm06459761
035 _a(CStRLIN)NYCG85-B5113
040 _aTRI
_cTRI
_dOCL
_dRBN
041 1 _aengswe
100 1 _aSjögren, Henrik,
_d1926-
_923726
245 1 0 _aStage and society in Sweden :
_baspects of Swedish theatre since 1945 /
_cby Henrik Sjögren ; translated by Paul Britten Austin.
260 _aUddevalla, Sweden :
_bThe Swedish Institute,
_c1979.
300 _a181 p. :
_bill. ;
_c17 cm.
650 0 _aSweden
_xTheatres
_xHistory
_923727
700 _aAustin, Paul Britten
_etr.
_923814
942 _2lcc
_cMONOGRAPH
999 _c124587
_d124587